[Event "?"]
[Site "Madrid Magistral"]
[Date "1996.??.??"]
[Round "?"]
[White "Topalov, Ve"]
[Black "Azmaiparashvili, Zu"]
[Result "1/2-1/2"]
[WhiteElo "2700"]
[BlackElo "2660"]

1. e4 e5 2. Nf3 Nc6 3. Bb5 a6 4. Ba4 d6 5. c3 Bd7 6. d4 g6 7. O-O Bg7
8. Be3 Nf6 9. Nbd2 O-O {(Azmaiparashvili, un original jugador ha puesto
en practica la variante Spassky de la Steinitz contra la Ruy Lopez, un
planteo dinamico que le diera muy buenos resultados al ex-campeon
mundial)} 10. dxe5 Nxe5 11. Nxe5 dxe5 12. f3 Bxa4 13. Qxa4 Qd3 14. Rfe1
Rfd8 15. Qb3 Qb5 16. Nc4 Ne8 17. Rad1 Bf6 18. Bf2 Ng7 19. Ne3 {(Ambos
jugadores maniobran con sus caballos en busca de las debilidades de su
rival)} 19... Qxb3 20. axb3 Ne6 21. Ng4 Bg7 22. Bh4 g5 {(Parece que la
tarea de topo de Topalov ha surtido efectos: ahora aparecen nuevas
debilidades en el campo negro. Las blancas ya tienen una pequena, pero
bien definida ventaja posicional)} 23. Bf2 Nf4 {(El negro dirige su
caballo a "d3", unica manera de intentar equilibrar un juego que se le
ha puesto cuesta arriba)} 24. g3 Nd3 25. Re2 Nxf2 26. Rxd8+ Rxd8 27.
Kxf2 f6 28. Ne3 {(El final favorece claramente a Topalov, quien cuenta
con un caballo mucho mejor que el alfil negro)} 28... Kf7 29. Rc2 Bf8
30. Ke2 h5 31. Rc1 Bh6 32. Nf5 Kg6 {(la ventaja del blanco se mantiene,
si bien ya se sabe que el alfil es un duro oponente en cualquier final)}
33. Rf1 Rd7 34. b4 Kh7 35. Ne3 Kg6 36. Nd5 Kf7 37. h3 c6 38. Nb6 Rd8
39. Nc4 {(Topalov mantiene esa "pequena" ventaja permanente, gracias a
su supeior estructura de peones. No obstante, el final va a ser muy
laborioso)} 39... Ke6 40. Na5 g4 41. Nb3 h4 42. fxg4 hxg3 43. Nc5+ Ke7
44. Nd3 b6 {(Parece que el negro ha aprovechado los ultimos movimientos
antes del control de tiempos para sorprender a Topalov con una ruptura
liberadora. Veremos si todo queda en nada)} 45. Rf3 c5 46. bxc5 bxc5 {
(Azmaiparashvili sigue con su activo contrajuego: sabe que la espera
pasiva le dejaria a merced del blanco)} 47. Kf1 a5 {(Si hace tablas
Azmaiparashvili, habra dado una leccion de defensa activa, ya que parece
haber activado al maximo su posicion. En cualquier caso, esta
dificultando muchisimo la tarea a Topalov)} 48. Nxc5 Rd1+ 49. Kg2 Bf4
50. b4 Rd2+ 51. Kf1 Rd1+ 52. Kg2 Rd2+ 53. Kf1 {(Azmaiparashvili parace
haber cumplido su objetivo: tiene tablas aseguradas gracias a su
magnifica defensa activa)} 53... Rd1+ 54. Kg2 Rd2+ {(Y tablas. Magnifica
defensa de Azmaiparashvili 0,5-0,5)} 1/2-1/2

[Event "?"]
[Site "Madrid Magistral 07"]
[Date "1996.??.??"]
[Round "?"]
[White "Illescas, Mi"]
[Black "Morozevich, Al"]
[Result "1-0"]
[WhiteElo "2635"]
[BlackElo "2625"]

1. d4 Nf6 2. c4 e6 3. Nc3 Bb4 4. e3 O-O 5. Nge2 d5 6. a3 Bd6 7. c5 Be7
8. b4 c6 9. Ng3 b6 10. Bd2 {(Illescas ha puesta en escena la variante
Rubinstein contra la Defensa Ninzoindia planteada por Morozevich. En
esta variante Gligoric y el filipino Torre eran unos especialistas,
consiguiendo importantes exitos)} 10... bxc5 11. bxc5 e5 12. Be2 g6
13. O-O {(Ha quedado definida la lucha: Miguel cuenta con buenas
perspectivas en el FD, mediante el control de la columna "b", mientras
que el negro tiene cierta preponderancia en el centro y en el FR)}
13... h5 14. dxe5 Ng4 15. Bxg4 Bxg4 16. f3 Bd7 {(Miguel ha aceptado la
entrega de peon realizada por Morozevich. Queda por ver si puede
conservarlo, sin menoscabo de su posicion)} 17. f4 Qc8 18. e4 d4 19. f5 $1 {
(Audaz entrega de pieza de Miguel, que se lanza asi decididamente a por
el rey negro. De nuevo, el auditorium de la ONCE es un rumor. No cabe
duda que Illescas esta realizando un torneo sensacional)} 19... dxc3
20. Bxc3 Na6 21. Nxh5 {(Sigue el carrusel de sacrificios blanco. Miguel
va a por todas. Los espectadores no saben so el tablero electronico esta
fallando o si todo esta sucediendo realmente)} 21... Nxc5 22. Nf6+ {(La
posicion es interesantisima. No se habla de otra cosa en la Sala de
Prensa y de Comentaristas)} 22... Bxf6 23. exf6 Bxf5 24. exf5 {(El
ataque de Miguel ha triunfado: No solo ha recuperado el material
entregado, sino que todavia conserva intactas las posibilidades de
ataque por la gran diagonal negra. Illescas tiene la partida ganada)}
24... Ne4 25. Qc1 g5 26. Qd1 Nxc3 27. Qh5 Ne4 28. Qh6 Nxf6 29. Qxg5+
Kh7 30. Rf3 {(Una brillante victoria de Miguel, que le consolida en
cabeza de este importante Torneo Magistral. Las victorias que esta
consiguiendo en este Torneo son de una calidad impresionante) 1-0} 1-0

[Event "?"]
[Site "Madrid Magistral 08"]
[Date "1996.??.??"]
[Round "?"]
[White "San Segundo, Pa"]
[Black "Illescas, Mi"]
[Result "0-1"]
[WhiteElo "2535"]
[BlackElo "2635"]

1. Nf3 Nf6 2. c4 c5 3. Nc3 Nc6 4. g3 d5 5. d4 cxd4 6. Nxd4 dxc4 7. Nxc6
Qxd1+ 8. Nxd1 bxc6 9. Bg2 Nd5 10. Ne3 e6 11. Nxc4 Ba6 12. b3 Bb4+ 13.
Bd2 {(San segundo ha escogido una linea pacifica, aspirando a una minima
ventaja en el final)} 13... Bxd2+ 14. Nxd2 Nb4 15. Be4 {(parece que las
blancas disponen de una ligerisima ventaja en este final, debido a la
mejor estructura de peones en el FD)} 15... Rc8 16. a3 Nd5 17. Bf3 Ke7
18. Rc1 {(El final esta igualado, por la mayor actividad de las piezas
negras)} 18... c5 19. e4 Nb6 20. Be2 {(San segundo ha maniobrado bien,
ante la latente actividad negra. Con su ultimo movimiento, quiere
obstaculizar la molesta presion del alfil de Illescas)} 20... Bb7 {
(Miguel no quiere cambiar mas material, ya que entonces las
posibilidades de complicar el juego serian menores)} 21. f3 Rhd8 {
(Illescas aprovecha su mayor actividad para aduenarse de la columna "d")}
22. Nc4 Nxc4 23. Rxc4 Rd4 24. Rc2 $2 {(San Segundo no ve la continuacion
de Illescas, que gana un peon)} 24... Rxe4 25. Kf2 Rd4 26. Rhc1 Bd5
27. Rxc5 Rxc5 28. Rxc5 Bxb3 {(Como balance de su combinacion, Miguel
Illescas ha ganado un peon que puede ser decisivo en la lucha por el
primer puesto en el Torneo. Lastima para Pablo San segundo, que estaba
controlando bien la partida)} 29. Rb5 Ba2 30. Ra5 Rd7 31. f4 {(Aun
suponiendo el cambio de alfiles, el negro tendra muchas chances de ganar
este final)} 31... Bd5 32. Bf3 Bxf3 33. Kxf3 Kd6 {(Este final debe estar
ganado para Illescas)} 34. Ra6+ Kc5 35. a4 Kd4 36. Kg4 Ke4 37. Ra5 f6
38. Rb5 g6 39. Rc5 h5+ 40. Kh4 Rd5 41. Rc6 {(Tras el control, la
posicion negra parece ganadora, a pesar de los buenos intentos de Pablo
San Segundo)} 41... Kf5 42. Ra6 Rd2 43. Kh3 g5 {(Y ante el mate
inevitable San Segundo abandona. 0-1)} 0-1

[Event "?"]
[Site "Madrid Magistral 08"]
[Date "1996.??.??"]
[Round "?"]
[White "Korchnoi, Vi"]
[Black "Salov, Va"]
[Result "0-1"]
[WhiteElo "2645"]
[BlackElo "2670"]

1. d4 Nf6 2. c4 e6 3. Nc3 Bb4 4. e3 c5 5. Bd3 Nc6 6. Nge2 cxd4 7. exd4
d5 {(La apertura ha tomado un cariz clasico: Defensa Ninzoindia de
Salov, a lo que Korchnoi ha contestado con la variante Rubinstein)} 8.
O-O dxc4 9. Bxc4 O-O 10. a3 Bd6 11. h3 b6 12. Bg5 {(Las blancas han
optado por una linea en la que se quedan con el peon "d4" aislado, pero
a cambio disponen de un buen juego de piezas y posibilidades de ataque
en el centro y FR)} 12... Be7 13. Qd3 {(Tipica maniobra para movilizar
la Dama hacia el enroque negro, amenazando con montar la bateria A+D en
la diagonal "b1-h7")} 13... h6 14. Bh4 Bb7 15. Rad1 Nd5 16. Bg3 Bf6
17. Ne4 Be7 {(La partida, aunque de corte posicional, encierra muchas
sutilezas. Con su ultima jugada, Salov plantea la amenaza ...f5)} 18.
N4c3 Bf6 {(Ofrecimiento de tablas o para probar las intenciones de
Korchnoi?)} 19. Ba2 Nce7 {(Esta claro que Korchnoi quiere jugar a ganar
esta partida y enmendar un poco un Torneo bastante irregular, donde los
apuros de tiempo constantes le han estropeado algunas partidas)} 20.
Ne4 Nf5 21. Bh2 Be7 22. Bb1 a5 23. Rfe1 {(Las negras han eludido
habilmente los peligros mas inmediatos y se aprestan a quitar la Dama de
su situacion de privilegio, aun a costa de debilitar algo su FD)}
23... Ba6 24. Qc2 g6 25. Qd2 Kh7 26. Kh1 Rc8 27. Ng1 Nd6 28. Nf3 {(Es la
primera partida en que Korchnoi tiene mas tiempo para pasar el control
de las 40 que su rival. La maniobra de rey para dejar sitio al caballo y
apostarse en "e5" nos recuerda al mejor Korchnoi)} 28... Bb5 29. Nxd6
Bxd6 30. Re4 Bxh2 31. Kxh2 Kg7 32. Ne5 f5 33. Ree1 Qg5 {(Parece que
Salov, en apuros de tiempo ha reaccionado bien, ante la presion a que le
estaba sometiendo Korchnoi)} 34. Ba2 Qxd2 35. Rxd2 Rfd8 36. Nd3 Bxd3
37. Rxd3 Kf6 38. Rd2 Rc6 39. g3 Nc7 40. Kg2 Nb5 41. d5 Rcd6 42. Rde2
exd5 43. Re7 R8d7 {(Al final, tambien se apuro Korchnoi, quien en la
refriega perdio un peon, aunque parece que tras 44.T1e6+!, lo recupera)}
44. Rxd7 Rxd7 45. f4 Rd6 {(Despues de rechazar tablas durante toda la
partida, Korchnoi se ve abocado a un final con un peon de menos. Seguro
que Salov exprimira esta ventaja todo cuanto pueda, porque su puesto
final depende de ello)} 46. Rc1 g5 47. fxg5+ hxg5 {(El final, a pesar de
la obvia ventaja negra, ofrece no pocas dificultades tecnicas. Mas aun
teniendo en cuenta que Korchnoi es un gran finalista)} 48. Kf2 d4 49.
h4 gxh4 50. gxh4 Na7 51. h5 Kg5 52. Bf7 Nc6 53. Rg1+ Kh6 54. Rg6+ Rxg6
55. Bxg6 Kg5 56. Ke2 Ne5 57. Be8 f4 58. b4 axb4 59. axb4 f3+ 60. Kd2
Kh6 61. Ke1 {(Y todo indica que despues de 60...Rh6! el blanco esta
perdido)} 61... d3 {(Y Korchnoi abandona 0-1)} 0-1